000 00614nam a22002055i 4500
001 175849
003 ES-MaACL
005 20260423180005.0
008 101125s1994 sp |||| | spa d
020 _a84-204-8162-9
080 _a821.134.2-32"19"
245 0 0 _aRelatos urbanos /
_cBernardo Atxaga ... [et al.].
260 _aMadrid :
_bAlfaguara,
_cimp. 1994.
300 _a117 p. ;
_c22 cm.
490 1 _aAlfaguara hispánica ;
_v134
700 1 _aAtxaga, Bernardo,
_d1951-
_9243020
830 0 _aAlfaguara hispánica ;
_v134
_9178131
852 _aES-MaACL
_jE-13671
999 _c175849
_d175849